Legal method

Shranjeno v:
Bibliografske podrobnosti
Glavni avtor: McLeod, Ian
Format: Knjiga
Jezik:Undetermined
Izdano: New York, NY. Palgrave / MacMillan 2005
Teme:
Oznake: Označite
Brez oznak, prvi označite!
Thư viện lưu trữ: Trung tâm Học liệu Trường Đại học Cần Thơ
LEADER 00577nam a2200217Ia 4500
001 CTU_117667
008 210402s9999 xx 000 0 und d
020 |c 29.04 
082 |a 349.41 
082 |b M165 
100 |a McLeod, Ian 
245 0 |a Legal method 
245 0 |c Ian McLeod 
260 |a New York, NY. 
260 |b Palgrave / MacMillan 
260 |c 2005 
650 |a Law,Judicial process 
650 |x Methodology 
650 |z Great Britain,European Economic Community countries 
904 |i Minh 
980 |a Trung tâm Học liệu Trường Đại học Cần Thơ